Vasaveswaram Tr by Sriraman, T. (Record no. 214905)

MARC details
000 -LEADER
fixed length control field 00496nam a2200193Ia 4500
008 - FIXED-LENGTH DATA ELEMENTS--GENERAL INFORMATION
fixed length control field 210719s1998 xx 000 0 und d
020 ## - INTERNATIONAL STANDARD BOOK NUMBER
International Standard Book Number 0333-93189-0
041 ## - LANGUAGE CODE
Language code of text/sound track or separate title eng
082 ## - DEWEY DECIMAL CLASSIFICATION NUMBER
Classification number 820.33 KRIV
100 ## - MAIN ENTRY--PERSONAL NAME
Personal name KRITHIKA
245 ## - TITLE STATEMENT
Title Vasaveswaram Tr by Sriraman, T.
260 ## - PUBLICATION, DISTRIBUTION, ETC.
Place of publication, distribution, etc. Chennai
Name of publisher, distributor, etc. Macmillan India Ltd.
Date of publication, distribution, etc. 1998
300 ## - PHYSICAL DESCRIPTION
Extent xvii,144
Other physical details PB
365 ## - TRADE PRICE
Price amount 88
Currency code Rs
650 ## - SUBJECT ADDED ENTRY--TOPICAL TERM
Topical term or geographic name entry element English Literature
650 ## - SUBJECT ADDED ENTRY--TOPICAL TERM
Topical term or geographic name entry element Indian English Fiction
700 ## - ADDED ENTRY--PERSONAL NAME
Personal name SRIRAMAN (T)
906 ## - LOCAL DATA ELEMENT F, LDF (RLIN)
a Vasaveswaram
Holdings
Withdrawn status Lost status Damaged status Not for loan Collection code Home library Current library Date acquired Cost, normal purchase price Total Checkouts Full call number Barcode Date last seen Date last checked out Price effective from Koha item type
          St Aloysius Library St Aloysius Library 08/22/2008 88.00 1 820.33 KRIV D03521 03/02/2022 02/26/2022 07/19/2021 Donated Books